书目信息 |
| 题名: |
西洋建筑讲话
|
|
| 作者: | 丰子恺 著 | |
| 分册: | ||
| 出版信息: | 上海 开明书店 民国卅八年四月[1949.4]出版兼印行 |
|
| 页数: | 84页 | |
| 开本: | 19×13cm | |
| 丛书名: | 开明青年丛书 | |
| 单 册: | ||
| 中图分类: | TU-86 | |
| 科图分类: | ||
| 主题词: | 建筑风格--欧洲 , 建筑风格 , 建筑艺术--流派 , 建筑艺术--作品--评价 | |
| 电子资源: | ||
| ISBN: | ||
| 000 | 00842nam 2200030145 | |
| 001 | 0640220645 | |
| 005 | 20060804111112.15 | |
| 010 | @dCNY0.45 | |
| 100 | @a19991230j194904 akmy0chiy0120 ea | |
| 101 | 0 | @achi |
| 102 | @aCN@b310000 | |
| 105 | @af z 000yy | |
| 106 | @ar | |
| 200 | 1 | @a西洋建筑讲话@AXi Yang Jian Zhu Jiang Hua@f丰子恺著@F Feng Zi Kai Zhu |
| 205 | @a新1版 | |
| 210 | @a上海@b福州路@c开明书店@d民国卅八年四月[1949.4]出版兼印行@g范洗人发行 | |
| 215 | @a84页@c插图@d19×13cm | |
| 225 | 2 | @a开明青年丛书 |
| 305 | @a民国廿四年十二月初版。 | |
| 410 | 1 | @1 2001@a开明青年丛书 |
| 606 | @a建筑风格@y欧洲 | |
| 606 | 0 | @a建筑风格 |
| 606 | 0 | @a建筑艺术@x流派 |
| 606 | 0 | @a建筑艺术@x作品@x评价 |
| 690 | @aTU-86@v4 | |
| 701 | 0 | @a丰子恺@Afeng zi kai@4著 |
| 801 | 0 | @c20060804 |
| 905 | @a10447@dTU-86@e47 | |
| 西洋建筑讲话/丰子恺著.-新1版 .-上海(福州路):开明书店,民国卅八年四月[1949.4]出版兼印行(范洗人发行 ) |
| 84页:插图;19×13cm .-(开明青年丛书 ) |
| 丛编说明: |
| ISBN :CNY0.45 |
| ● |
| 相关链接 |
|
|
|
|
正题名:西洋建筑讲话
索取号:TU-86/47
 
预约/预借
| 序号 | 登录号 | 条形码 | 馆藏地/架位号 | 状态 | 备注 |
| 1 | 0439729 | 204397296 | 密集书库/ [索取号:TU-86/47] | 在馆 |